Score 0/45 Timer 05:00
3 Plays Today
% Correct
Germany
96.1%
Iran
95.6%
Sweden
94.1%
Finland
92.6%
Brazil
91%
Switzerland
90.8%
Russia
88.6%
Argentina
88.6%
Chile
87.7%
Algeria
87.3%
Algeria
87.3%
Italy
87.3%
Peru
87.3%
Laos
86.4%
Czechia
86.2%
Hungary
86.2%
Paraguay
85.4%
Libya
85.1%
Cambodia
84.4%
Syria
83.3%
Niger
82.8%
Slovakia
82.3%
Slovenia
81.7%
% Correct
Indonesia
80.3%
Myanmar
78.9%
Saudi Arabia
78.6%
Jordan
76.7%
Kuwait
76.7%
Turkey
76.3%
Liechtenstein
76.1%
Republic of the Congo
76.1%
Central African Republic
75.5%
Rwanda
73.3%
Malaysia
72.7%
Uganda
72.1%
Angola
69.8%
Mauritania
68%
Zambia
67.5%
Burkina Faso
64.9%
Tanzania
64.7%
Burundi
64%
Senegal
63.5%
South Sudan
63.4%
Guinea
61.5%
Cote d'Ivoire
57.5%
Remove Ads.
Support Sporcle.
Get the best of Sporcle when you Go Orange. This ad-free experience offers more features, more stats, and more fun while also helping to support Sporcle. Thank you for becoming a member.

You're not logged in!

Compare scores with friends on all Sporcle quizzes.
OR
Log In

Show Comments

Extras

Top Quizzes Today


Score Distribution

Your Account Isn't Verified!

In order to create a playlist on Sporcle, you need to verify the email address you used during registration. Go to your Sporcle Settings to finish the process.

Report this User

Report this user for behavior that violates our Community Guidelines.

Details: